000 01253nas a2200373 4500
001 BR2012002244
003 BR-BrBNA
005 20231205120343.0
007 ta
008 230509b bl.|||p| |||| 00| 00por d
040 _aBR-BrBNA
_bpor
_cBiblioteca Nacional de Agricultura
041 _a(Pt)
072 _aH01; Q70
100 1 _aRodrigues, V.G.
100 1 _aCardoso, M. das G.
100 1 _aMoraes, J.C.
100 1 _aMachado, S.M.F.
100 1 _aLima, R.K.
100 1 _aAndrade, M.A.A.
100 1 _aGomes, M. de S.
245 1 _aComposição química e atividade inseticida do óleo essencial de L. sobre L., 1785 (Coleoptera: Tenebrionidae)Schinus molle
246 1 _aChemical composition and insecticidal activity of the essential oil of Schinus molle on Tenebrio molitor L., 1785 (Coleoptera: Tenebrionidae
650 _aCOMPOSIÇÃO QUIMICA
650 _aOLEO ESSENCIAL
650 _aFUMIGAÇÃO
650 _aINSETICIDA
650 _aGRÃO
650 _aARMAZENAMENTO
650 _aCOLEOPTERO
773 0 _tMagistra (Brazil)
_xISSN 2236-4420
_g(Oct-Dec 2011), v. 23(4) p. 161-167
_wBR2012002244
856 4 0 _dLink DSPACE/MAPA BR2012002244
909 _a202311
_bLúcia
_c55
_dLúcia Elande
942 _2AGRIS
_n0
_cANA
999 _c218087
_d218087